000 00456nam a2200193Ia 4500
003 GCL
008 140319s9999 xx 000 0 eng d
040 _aGCL /
_cGCL
082 0 4 _a531
_bR B
100 1 _aREES, D.W.A
245 1 0 _aBASIC SOLID MECHANICS /
_cREES, D.W.A
260 _a[S.N] :
_bMACMILIAN ،
_c1997
300 _a396 P
650 0 4 _aPHYSICS
650 0 4 _aFLUIDS
650 0 4 _aMECHANISM
650 0 4 _aSOLID MECHANICS
942 _2ddc
_cBK
999 _c15996
_d15996